P 5 Raportimi Financiar (Record no. 54937)
[ view plain ]
| 000 -LEADER | |
|---|---|
| fixed length control field | 00310nam a22001457a 4500 |
| 008 - FIXED-LENGTH DATA ELEMENTS--GENERAL INFORMATION | |
| fixed length control field | 190926b ||||| |||| 00| 0 eng d |
| 020 ## - INTERNATIONAL STANDARD BOOK NUMBER | |
| International Standard Book Number | 9789951541015 |
| 041 ## - LANGUAGE CODE | |
| Language code of text/sound track or separate title | eng |
| 080 ## - UNIVERSAL DECIMAL CLASSIFICATION NUMBER | |
| Universal Decimal Classification number | 336 |
| 082 ## - DEWEY DECIMAL CLASSIFICATION NUMBER | |
| Classification number | 336 |
| 100 ## - Rafti | |
| Rafti | 61 |
| 101 ## - Shkurtesa | |
| Shkurtesa | M F |
| 245 ## - TITLE STATEMENT | |
| Title | P 5 Raportimi Financiar |
| Statement of responsibility, etc | ShKÇAK |
| 942 ## - ADDED ENTRY ELEMENTS (KOHA) | |
| Source of classification or shelving scheme | |
| Item type | Books |
| Withdrawn status | Lost status | Source of classification or shelving scheme | Damaged status | Not for loan | Permanent location | Current location | Shelving location | Date acquired | Total Checkouts | Full call number | Barcode | Date last seen | Price effective from | Koha item type |
|---|---|---|---|---|---|---|---|---|---|---|---|---|---|---|
| UBT - Peja | UBT - Peja | Koleksioni i përgjithshem | 09/26/2019 | 336 SHK | 002-3020142 | 09/26/2019 | 09/26/2019 | Books | ||||||
| UBT - Peja | UBT - Peja | Koleksioni i përgjithshem | 09/26/2019 | 336 SHK | 002-3020137 | 09/26/2019 | 09/26/2019 | Books | ||||||
| UBT - Peja | UBT - Peja | Koleksioni i përgjithshem | 09/26/2019 | 336 SHK | 002-3020132 | 09/26/2019 | 09/26/2019 | Books | ||||||
| UBT - Peja | UBT - Peja | Koleksioni i përgjithshem | 09/26/2019 | 336 SHK | 002-3020127 | 09/26/2019 | 09/26/2019 | Books | ||||||
| UBT - Peja | UBT - Peja | Koleksioni i përgjithshem | 09/26/2019 | 336 SHK | 00281-30201 | 09/26/2019 | 09/26/2019 | Books |